[Event "Moscow op-A"]
[Site "Moscow"]
[Date "2013.02.10"]
[Round "9"]
[White "Ponkratov, Pavel"]
[Black "Savchenko, Boris"]
[Result "0-1"]
[WhiteElo "2584"]
[BlackElo "2584"]
[Annotator "CB"]
[PlyCount "84"]
[EventDate "2013.02.02"]
[EventType "swiss"]
[EventRounds "9"]
[EventCountry "RUS"]
[SourceTitle "CBM 152 Extra"]
[Source "ChessBase"]
[SourceDate "2013.02.25"]
[SourceVersion "1"]
[SourceVersionDate "2013.02.25"]
[SourceQuality "1"]

1. d4 Nf6 2. c4 g6 3. Nc3 d5 4. cxd5 Nxd5 5. e4 Nxc3 6. bxc3 Bg7 7. Qa4+ {
Um den schwarzen Entwicklungsplan zu stören. Außerdem kommt man damit in
andere Varianten als die üblichen Grünfeld-Trampelpfade.} Qd7 (7... Nd7 8.
Nf3 O-O 9. Be3 c5 10. Rc1 Nb6 11. Qd1 Bg4 12. Be2 Bxf3 13. gxf3 cxd4 14. cxd4
Qd7 15. O-O Rac8 16. Qd2 Rfd8 17. Rfd1 Rxc1 18. Qxc1 Rc8 19. Qa3 Na4 20. Bf1 b5
21. Rc1 Rxc1 22. Qxc1 Bxd4 23. Bxb5 Bxe3 24. Bxd7 Bxc1 25. Bxa4 Bf4 26. h3 Be5
27. Kg2 Bf4 28. Kg1 Be5 29. Kg2 Bf4 30. Kg1 {1/2-1/2 (30) Carlsen,M (2835)
-Caruana,F (2770) Moscow 2012 CBM 149 [Krasenkow,M]}) 8. Qb3 O-O 9. Nf3 (9. Be3
c5 10. d5 e6 11. Bc4 exd5 12. Bxd5 Qc7 13. Ne2 Nd7 14. Bf4 Ne5 15. O-O c4 16.
Qb4 Re8 17. Bg3 Rb8 18. Qxc4 Qxc4 19. Bxc4 Bd7 20. Rfd1 Nxc4 21. Bxb8 Ba4 22.
Bxa7 Bxd1 23. Rxd1 Rxe4 24. Rd8+ Bf8 25. Bc5 Rxe2 26. g4 Rxa2 27. g5 Ne5 28.
Bxf8 f6 29. Be7+ Kf7 30. Bxf6 Ra5 31. Kg2 Ng4 32. Rd7+ Ke6 33. Re7+ Kf5 34. Bd4
Kxg5 35. Rxh7 Ne5 36. Rxb7 Nc4 37. Rc7 Nd6 38. Be3+ Kf5 39. Kf3 Ra4 40. Bd4 Ke6
41. Rg7 Kf5 42. Ra7 Rxa7 43. Bxa7 Nc4 44. Bb8 Nb2 45. Bg3 Nc4 46. h3 g5 47. Ke2
Ke4 48. f3+ Kd5 49. Bc7 Ke6 50. Kd3 Kd5 51. f4 gxf4 52. Bxf4 Nb2+ 53. Kc2 Nc4
54. h4 Ke4 55. Bc1 Ne5 56. h5 Nd7 57. h6 Nf6 58. c4 Nh7 59. Kb3 {1-0 (59)
Kramnik,V (2784) -Giri,A (2686) Wijk aan Zee 2011 CBM 141 [Krasenkow,M]}) 9...
c5 10. Be3 b6 (10... cxd4 11. cxd4 Nc6 12. Rd1 Qd6 13. h3 Bd7 14. Bd3 Qb4+ 15.
Qxb4 Nxb4 16. Bb1 Rac8 17. Kd2 f5 18. a3 Nc6 19. Ba2+ Kh8 20. d5 Ne5 21. Nxe5
Bxe5 22. f4 Bc3+ 23. Ke2 fxe4 24. Bxa7 Bb2 25. Rd2 Bg7 26. Rb1 b5 27. Be3 Rc3
28. Rb3 Ra8 29. d6 exd6 30. Rxc3 Bxc3 31. Rxd6 Be8 32. Bd5 Rb8 33. Rb6 Rxb6 34.
Bxb6 Kg7 35. Ke3 Kf6 36. Bd4+ Bxd4+ 37. Kxd4 Ke7 38. Bxe4 Kd6 39. g4 Bd7 40.
Bd3 h5 41. gxh5 gxh5 42. h4 Bc6 43. Bg6 Bf3 44. Be8 {1-0 (44) Nepomniachtchi,I
(2716) -Kurnosov,I (2663) Tyumen 2012}) 11. Be2 $146 (11. Rd1 cxd4 12. cxd4 Bb7
13. Bd3 Nc6 14. O-O Na5 15. Qb1 Rac8 16. d5 Nc4 17. Bd4 {1/2-1/2 (17) Lukacs,P
(2412)-Flumbort,A (2448) Hungary 2005}) 11... cxd4 12. cxd4 Nc6 13. O-O Qd6 14.
Rfd1 Na5 15. Qd3 Be6 (15... Bb7 $5) 16. Qb5 {Ein recht eigenwilliges Manöver,
um die Dame zu Königsflügel zu bringen.} Rfc8 17. Qg5 Rc2 18. Bd3 Rxa2 19.
Rac1 Nb3 20. e5 Qd7 21. Rb1 Bd5 22. Qh4 f6 ({Über} 22... Rc8 23. Ng5 h6 24. e6
Bxe6 25. Nxe6 Qxe6 26. d5 {hätte sich Weiß gefreut.}) 23. Qg3 a5 {Den
a-Bauern bis a1 zu ziehen ist oft der einfachste Gewinnpaln für
Grünfeld-Spieler.} 24. h4 a4 25. h5 gxh5 {Kaltblütig.} 26. Nh4 (26. Bh6 {
bringt aus dem gleichen Grund auch nichts:} Qg4) 26... Qg4 27. Qh2 fxe5 {
Erlaubt eine Zugwiederholung} ({Nach} 27... e6 {folgt} 28. f3 {und die Dame
hat keine Felder, aber} Rxg2+ 29. Nxg2 Bxf3 30. exf6 Bxf6 31. Rf1 Bxd4 32. Bxd4
Qxd4+ 33. Rf2 Bg4 {ist ziemlich unklar. Weiß hat einen Turm mehr, aber keinen
einzigen Bauern.}) (27... Bf8 $5 28. Bf5 (28. exf6 $5 exf6 29. Qc7) 28... Qg7)
28. Bf5 Qe2 29. dxe5 $2 (29. Bd3 Qg4 30. Bf5 {mit Remis. Aber Weiß spielt
Alles oder Nichts. Und hätte fast Recht behalten.}) 29... e6 $2 (29... Rb2 {
gewann sofort, weil der a-Bauer läuft.}) 30. Rxd5 exf5 $2 (30... exd5 31. Nf3
d4 32. Qxh5 dxe3 33. Bxh7+ Kf8 34. Qf5+ Ke7 35. Qg5+ {mit Remis durch
Dauerschach als möglichem Ausgang.}) 31. Nxf5 Qc2 32. Ne7+ ({Es gewann auch} 
32. Qxh5 $1 Qxb1+ 33. Kh2) 32... Kh8 33. Rbd1 Rf8 34. Qxh5 Rxf2 35. Rd8+ $2 {
Zwingt den Läufer nach f8, von wo dieser nun das De8- Matt deckt.} (35. R5d2
$1 Nxd2 (35... Rxd2 36. Qe8+ Bf8 37. Qxf8#) 36. Bxf2 {und nun:} Bf8 {sonst
Matt auf e8} 37. e6 Nf3+ 38. Qxf3 Qxf2+ 39. Qxf2 Rxf2 40. Kxf2 Bxe7 41. Rd7
Bc5+ 42. Ke2 Kg8 43. g4 a3 44. Kd3 h6 45. Rf7 $18 {Schwarz kommt in Zugzwang
und muss seine "Festung" aufgeben.}) 35... Bf8 36. R1d2 $2 (36. Ng6+ Kg8 37.
Ne7+ Kh8 $11) 36... Nxd2 37. Bxf2 Qb1+ 38. Kh2 Nf1+ 39. Kh3 Rxf2 40. Qg5 Qb3+
41. g3 Rh2+ 42. Kg4 Qxg3+ 0-1

[Event "Poikovsky Karpov 16th"]
[Site "Poikovsky"]
[Date "2015.10.03"]
[Round "5"]
[White "Korobov, Anton"]
[Black "Smirin, Ilia"]
[Result "1-0"]
[WhiteElo "2700"]
[BlackElo "2655"]
[Annotator "CB"]
[PlyCount "69"]
[EventDate "2015.09.28"]
[EventType "tourn"]
[EventRounds "9"]
[EventCountry "RUS"]
[EventCategory "17"]
[SourceTitle "CBM 169"]
[Source "ChessBase"]
[SourceDate "2015.11.10"]
[SourceVersion "1"]
[SourceVersionDate "2015.11.10"]
[SourceQuality "1"]

1. d4 Nf6 2. c4 g6 3. Nc3 d5 4. cxd5 Nxd5 5. e4 Nxc3 6. bxc3 Bg7 7. Nf3 c5 8.
Rb1 O-O 9. Be2 Nc6 10. d5 Ne5 11. Nxe5 Bxe5 12. Qd2 e6 13. f4 Bc7 ({Früher
spielte man häufiger} 13... Bg7) 14. O-O exd5 15. exd5 Ba5 16. Ba3 ({Die
Hauptvariante ist} 16. d6 {z.B.:} Rb8 (16... b6 17. Bf3 Rb8 18. Bb2 Bf5 19.
Rbe1 b5 20. g4 Be6 21. f5 Bc4 22. Re7 Qb6 23. f6 Kh8 24. Be4 Rg8 25. Rf3 Bd3
26. Qh6 c4+ 27. Kg2 Bxe4 28. Rxe4 {1-0 (28) Pelletier,Y (2589)-Bu,X (2682)
Khanty-Mansiysk 2009}) 17. Bb2 b5 18. Rbd1 Bd7 19. Bf3 c4 20. Kh1 Bf5 21. Qd4
Bb6 22. Qd5 Be6 23. Qe5 Qd7 24. Ba3 Rfe8 $11 {0-1 (66) Pelletier,Y (2590)
-Caruana,F (2711) Biel 2011}) 16... Qd6 (16... b6) 17. Rb5 Bb6 18. c4 Bf5 19.
g4 Be4 20. Bb2 f6 {[#]} 21. g5 {Die Schwächung der langen Diagonale bringt
Weiß weiter in Vorteil.} Qd7 (21... f5 22. Qc3 $18) 22. Bxf6 Bd8 23. Bb2 Qh3 {
[#] Finden Sie Matt in Eins.} 24. Rf2 Bxg5 25. Rxb7 {Hält mit der Drohung Tg7
dagegen. Nehmen auf g5 wäre natürlich schlecht gewesen.} (25. fxg5 $2 Rxf2
26. Kxf2 Qxh2+ $11) 25... Bf6 26. Bxf6 Rxf6 27. Re7 Bf5 28. d6 Rd8 29. Qd5+ Re6
30. Rxe6 ({Stark war auch} 30. Rf3 Qg4+ 31. Kh1 $18) 30... Bxe6 31. Qxc5 Rb8
32. Rf1 Rb2 33. Qe5 Rd2 34. Rb1 Rxd6 {[#]} 35. Rb8+ ({Aber nicht} 35. Qxd6 $2
Qe3+ 36. Kf1 Bh3+ 37. Ke1 Qg1+ 38. Kd2 Qxb1 $14) (35. Rb8+ Kf7 36. Qxd6 Qe3+
37. Kf1 Bh3+ 38. Ke1 Qg1+ 39. Kd2 {Es gibt kein Schach mehr und Weiß setzt
matt.}) 1-0

[Event "Dilijan FIDE GP (Women)"]
[Site "Dilijan"]
[Date "2013.06.26"]
[Round "9"]
[White "Khotenashvili, Bela"]
[Black "Harika, Dronavalli"]
[Result "1/2-1/2"]
[WhiteElo "2531"]
[BlackElo "2492"]
[Annotator "CB"]
[PlyCount "113"]
[EventDate "2013.06.16"]
[EventType "tourn"]
[EventRounds "11"]
[EventCountry "ARM"]
[EventCategory "11"]
[SourceTitle "CBM 155"]
[Source "ChessBase"]
[SourceDate "2013.07.16"]
[SourceVersion "1"]
[SourceVersionDate "2013.07.16"]
[SourceQuality "1"]

{Khotenashvili had a completely winning position against Harika. She missed
several winning continuations, the last time on move 43.} 1. d4 Nf6 2. c4 g6 3.
Nc3 d5 4. cxd5 Nxd5 5. e4 Nxc3 6. bxc3 Bg7 7. Qa4+ Nd7 8. Nf3 O-O 9. Bg5 c5 10.
Rc1 a6 11. Qa3 b6 12. Bd3 h6 13. Be3 e5 14. d5 f5 15. c4 Qe7 16. Rb1 Bb7 17.
Bc2 b5 18. Qa5 f4 19. Bd2 Qd6 20. O-O g5 21. h3 Bf6 22. cxb5 axb5 23. Qxb5 Rfb8
24. Ba4 Nf8 25. Qb6 Qxb6 26. Rxb6 Rxa4 27. Rxf6 Ba6 28. Re1 Bd3 29. Nxe5 Bxe4
30. Nc6 Rb7 31. Bc3 Rf7 32. Rxh6 Rh7 33. Rd6 g4 34. hxg4 Rc4 35. Bd2 f3 36. g3
Rc2 37. Rxe4 Rxd2 38. Re1 Re2 39. Rc1 Nd7 40. Re6 Rxa2 41. Re8+ Kg7 42. Rce1
Nf6 43. R1e7+ $2 (43. d6 Rd2 44. R8e7+ Kg8 45. g5 Ng4 46. Ra1 Rg7 47. g6 $18)
43... Kh6 {and Black can survive.} 44. Rxh7+ Kxh7 45. Re7+ Kg8 46. Ne5 Ra1+ 47.
Kh2 Re1 48. Re6 Nxd5 49. Rg6+ Kh7 50. Rg5 Rf1 51. Nd3 c4 52. Rxd5 cxd3 53. Rxd3
Rxf2+ 54. Kg1 Rg2+ 55. Kf1 Rxg3 56. Kf2 Rxg4 57. Kxf3 1/2-1/2

[Event "FRA-chA 86th"]
[Site "Caen"]
[Date "2011.08.25"]
[Round "11"]
[White "Bacrot, Etienne"]
[Black "Vachier Lagrave, Maxime"]
[Result "1/2-1/2"]
[WhiteElo "2710"]
[BlackElo "2722"]
[Annotator "CB"]
[PlyCount "69"]
[EventDate "2011.08.14"]
[EventType "tourn"]
[EventRounds "11"]
[EventCountry "FRA"]
[EventCategory "15"]
[SourceTitle "CBM 144"]
[Source "ChessBase"]
[SourceDate "2011.09.16"]
[SourceVersion "1"]
[SourceVersionDate "2011.09.16"]
[SourceQuality "1"]

1. d4 Nf6 2. c4 g6 3. Nc3 d5 4. cxd5 Nxd5 5. Bd2 Bg7 6. e4 Nb6 7. Be3 O-O 8.
Bb5 Be6 9. Nf3 N8d7 10. Be2 c5 11. dxc5 Nc4 12. Bxc4 Bxc4 13. Bd4 e5 14. Be3
Rc8 15. b3 Be6 16. b4 f5 17. Bg5 Qe8 18. Nb5 fxe4 19. Nd6 {Black is already in
big trouble.} exf3 20. g3 e4 21. Nxe8 Rcxe8 22. O-O Bxa1 23. Qxa1 Bc4 24. Rc1
Bd3 25. Qd4 Ne5 {Count the material: White has a queen for rook and knight,
and a position a 2700+ GM should not have problems winning.} 26. b5 $2 Bxb5 27.
Qxe4 Nd3 {Oops, now the game is a draw.} 28. Qd5+ Rf7 29. Rb1 Nxf2 30. Rxb5 (
30. Kxf2 $4 Re2+ {and mate to follow.}) 30... Ng4 31. Rb1 Re2 32. Qd8+ Rf8 33.
Qd5+ Rf7 34. Qd8+ Rf8 35. Qd5+ {A lucky escape for Vachier-Lagrave.} 1/2-1/2

[Event "Yerevan op"]
[Site "Yerevan"]
[Date "1996.??.??"]
[Round "7"]
[White "Yuneev, Alexey"]
[Black "Kudrin, Sergey"]
[Result "1-0"]
[WhiteElo "2415"]
[BlackElo "2535"]
[Annotator "Chekhov,V"]
[PlyCount "67"]
[EventDate "1996.??.??"]
[EventType "swiss"]
[EventRounds "11"]
[EventCountry "ARM"]
[SourceTitle "CBM 052 Extra"]
[Source "ChessBase"]
[SourceDate "1996.07.01"]
[SourceVersion "1"]
[SourceVersionDate "1996.07.01"]
[SourceQuality "1"]

1. d4 Nf6 2. c4 g6 3. Nc3 d5 4. cxd5 Nxd5 5. e4 Nxc3 6. bxc3 Bg7 7. Be3 c5 8.
Qd2 Qa5 9. Rb1 b6 (9... a6 10. Rc1 O-O 11. d5 Nd7 12. Nf3 b5 13. Bd3 c4 14. Bb1
e5 15. dxe6 fxe6 16. h4 $36 {Epishin,V-Timman,J/Dortmund/1994/1|0/33/}) 10.
Bb5+ (10. Rb5 Qa4 11. Rb2 Ba6 12. Bxa6 Nxa6 13. Ne2 e5 14. O-O Rd8 15. Qd1 Qc4
16. Rd2 O-O $15 {Dokhoian,Y-Dvoirys,S/Helsinki/1992/0|1/48/}) 10... Bd7 11. Bd3
$5 (11. Be2 $5 O-O 12. Rc1 Bb5 13. d5 Nd7 14. c4 Qxd2+ 15. Kxd2 Ba4 16. Nh3 e6
17. Nf4 $14 {Karpov,A-Timman,J/Amsterdam/1993/1|0/53/}) 11... O-O (11... cxd4
12. cxd4 Nc6 13. Ne2 O-O 14. Qxa5 Nxa5 15. Kd2 f5 16. f3 e5 17. d5 $14 {
Karpov,A-Krasenkov,M/Moscow/1992/1|0/34/}) (11... Nc6 12. Nf3 O-O 13. Rc1 e6
14. d5 exd5 15. exd5 Ne5 16. Nxe5 Bxe5 17. c4 $14 {Tunik,G-Atalik,S/Budapest/
1992/0,5/40/}) 12. Ne2 e6 13. h4 h5 (13... Nc6 14. h5 cxd4 15. cxd4 Rfc8 $132)
14. g4 $1 cxd4 15. cxd4 Qxd2+ 16. Kxd2 hxg4 17. h5 e5 (17... Nc6 18. hxg6 fxg6
19. e5 Ne7 20. Rbg1 $16) 18. hxg6 exd4 (18... fxg6 $4 19. Bc4+ $18) 19. Nxd4
Nc6 20. Nxc6 Bxc6 21. Rhg1 Rad8 22. Rxg4 fxg6 23. Ke2 $16 Be8 24. f4 Bf7 (24...
Bd4 25. Bc4+ Kg7 (25... Bf7 26. Rxg6+ Kh7 27. Bxf7 Rxf7 28. f5 $18) 26. Rd1 $16
) 25. a4 Rd7 (25... Bd4 $5) 26. Rbg1 (26. e5 Rxd3 27. Kxd3 Be6 28. Rbg1 Bxg4
29. Rxg4 Kf7 30. Bd4 $14) 26... Rfd8 27. Bb1 Bc4+ (27... Bd4 28. e5 Bxe3 29.
Kxe3 $18) 28. Kf3 Rd1 29. Rxg6 Rxg1 30. Rxg1 Bb3 31. e5 Rd1 32. Ba2 $1 $18 Rd3
(32... Rxg1 33. Bxb3+ $18) 33. Bxb3+ Rxb3 34. e6 1-0

[Event "St Petersburg-ch"]
[Site "St Petersburg"]
[Date "1995.??.??"]
[Round "9"]
[White "Nepomnishay, Mikhail I"]
[Black "Karasev, Vladimir I"]
[Result "1-0"]
[WhiteElo "2410"]
[BlackElo "2405"]
[Annotator "Chekhov,V"]
[PlyCount "69"]
[EventDate "1995.04.??"]
[EventType "tourn"]
[EventRounds "12"]
[EventCountry "RUS"]
[EventCategory "9"]
[SourceTitle "CBM 047"]
[Source "ChessBase"]
[SourceDate "1995.08.01"]
[SourceVersion "1"]
[SourceVersionDate "1995.08.01"]
[SourceQuality "1"]

1. d4 Nf6 2. c4 g6 3. Nc3 d5 4. cxd5 Nxd5 5. e4 Nxc3 6. bxc3 Bg7 7. Nf3 c5 8.
Be2 (8. Rb1 $5) 8... O-O (8... Nc6 9. Be3 Bg4 10. e5 cxd4 11. cxd4 O-O 12. O-O
Qd7 (12... Qa5 13. Qb3 $16) 13. Qd2 Rfd8 14. Rfd1 Rac8 15. Rac1 (15. Rab1 $14)
15... Be6 16. Ng5 Bd5 17. Nh3 $1 e6 18. Bg5 Ne7 19. Nf4 $1 $16 {Lenskij,
I-Nikolenko,O/corr/1986/}) 9. O-O Bg4 10. Be3 (10. Rb1 $5) 10... Qa5 (10... Nc6
11. d5 Na5 12. Bxc5 Bxc3 13. Rc1 $16) (10... cxd4 11. cxd4 Nc6 12. d5 Bxf3 (
12... Bxa1 13. Qxa1 Na5 14. Bh6 f6 15. Bxf8 Kxf8 16. Qd4 $16)) 11. Qb3 cxd4 12.
cxd4 Nc6 13. Rad1 Qb4 14. Qxb4 Nxb4 15. Rd2 $16 Rfd8 16. Rb1 Nc6 17. d5 (17.
Rxb7 Bxf3 18. Bxf3 Bxd4 19. Bxd4 Nxd4) 17... Na5 18. Rc2 e6 19. Bg5 $1 Rdc8 $6
(19... f6 20. Bd2 b6 21. Bxa5 bxa5 22. Bc4 (22. dxe6 Bxe6 23. Bc4 $16) 22... e5
) (19... Rd7 20. Bb5 Rd6 21. Be7 Rb6 22. Bc5 $18) (19... Rd6 20. Bf4 Rd7 21.
Bb5 Rdd8 22. Bc7 Rdc8 23. Bd7 $18) 20. Rxc8+ Rxc8 21. d6 f6 22. Bd2 b6 23. d7
Rd8 24. Bxa5 bxa5 25. Rb7 $18 Bxf3 (25... e5 26. Nxe5 $1 Bxe2 27. Nc6) (25...
Kf7 26. Nd4 $1 Bxe2 27. Nc6) 26. Bxf3 Kf7 27. Bd1 f5 28. exf5 gxf5 29. Rxa7 Ke7
30. Ba4 Bc3 31. Rb7 Be5 32. g3 Rb8 33. Ra7 Rb1+ $1 (33... Bc3) 34. Kg2 Bf6 35.
Ra8 1-0

[Event "Rakvere Keres Memorial"]
[Site "Rakvere"]
[Date "1993.??.??"]
[Round "4"]
[White "Ehlvest, Jaan"]
[Black "Yermolinsky, Alex"]
[Result "1/2-1/2"]
[WhiteElo "2620"]
[BlackElo "2605"]
[Annotator "Chekhov,V"]
[PlyCount "95"]
[EventDate "1993.09.??"]
[EventType "tourn"]
[EventRounds "10"]
[EventCountry "EST"]
[EventCategory "15"]
[SourceTitle "CBM 038"]
[Source "ChessBase"]
[SourceDate "1994.02.01"]
[SourceVersion "1"]
[SourceVersionDate "1994.02.01"]
[SourceQuality "1"]

1. d4 Nf6 2. Nf3 g6 3. c4 Bg7 4. Nc3 d5 5. cxd5 Nxd5 6. e4 Nxc3 7. bxc3 c5 8.
Rb1 O-O 9. Be2 Nc6 10. d5 Ne5 (10... Bxc3+ 11. Bd2 Bxd2+ 12. Qxd2 Na5 13. h4 f6
14. h5 g5 15. Qc3 $1 $16 {Novik,M-Arbakov,V /Bratislava/1991 Inf 52/463/}) 11.
Nxe5 Bxe5 12. Qd2 b6 (12... e6 13. f4 Bg7 14. c4 exd5 15. cxd5 Bd4 16. Bb2 Qb6
17. Bd3 c4 18. Bxc4 Re8 19. Qxd4 Qxd4 20. Bxd4 Rxe4+ 21. Kd2 Rxd4+ 22. Kc3 Rxf4
23. d6 $16 {Gaft,S-Nadanjan,A /corr/1990 Inf 52/464/}) 13. O-O (13. f4 Bg7 14.
c4 e6 15. Bb2 $1 Bxb2 16. Rxb2 Re8 17. e5 Bb7 18. O-O exd5 19. Bf3 f6 20. Re1
fxe5 21. fxe5 $1 $16 {Khalifman,A-Khenkin,I 7Leningrad71989 Inf 48/615/}) 13...
e6 14. Bc4 $5 $146 (14. f4 Bg7 15. dxe6 fxe6 (15... Bxe6 16. f5 Bc8 17. Qxd8
Rxd8 18. Bg5 f6 19. Bc4+ Kh8 20. Bh4 Bb7 21. Rbe1 Rd2 22. Rf2 Rad8 23. Bd5 $1
$16 {Chernin,A-Alterman,B /Beer Sheva/1992 Inf 54/469/}) 16. Qe3 Bb7 17. Bc4
Qd7 18. f5 gxf5 19. exf5 Bd5 20. Qd3 $1 Qc6 21. Bg5 $3 $16 {Gelfand,B-Smejkal,
J /Novi Sad/1990 Inf 50/488/}) 14... Bg7 (14... Qf6 $5) 15. Qc2 Qf6 16. Bd2
exd5 17. Bxd5 Rb8 18. Qa4 $1 $14 a6 19. c4 b5 20. Qa3 (20. cxb5 axb5 21. Rxb5
Bd7) (20. Qa5 Qd8 21. Qxd8 Rxd8 22. Be3 Bf8) 20... Be6 (20... b4 21. Qa5 $16) (
20... Qb6 $5) 21. Qxa6 Bxd5 22. Qxf6 Bxf6 23. cxd5 Rfe8 24. Rfe1 Bd4 25. a3 (
25. Kf1 b4 $5) 25... f5 26. exf5 gxf5 (26... Rxe1+ $5 27. Bxe1 gxf5) 27. Rxe8+
Rxe8 28. Kf1 Rb8 29. Ke2 Kf7 30. Kd3 Kf6 31. f4 Ke7 32. a4 $1 b4 33. a5 Kd6 (
33... Ra8 34. Bxb4 $1 $18) 34. Kc4 b3 35. Rxb3 Rxb3 36. Kxb3 Kxd5 37. a6 (37.
Bc3 Be3 38. Be5 $16) 37... Kc6 38. Kc4 (38. Ba5 Kb5 39. a7 c4+) 38... Kb6 39.
Bc3 $2 (39. Kd5 Kxa6 40. Ke6 c4 41. Kxf5 Bb2 42. Ke6 c3 43. Be3 c2 44. f5 c1=Q
45. Bxc1 Bxc1 46. f6 Kb6 47. f7 Ba3 48. Kf6 Kc6 49. Kg7 $18) 39... Be3 40. g4
fxg4 41. Be5 Kxa6 42. f5 Kb6 $10 43. Kd5 h5 44. f6 h4 45. f7 Bh6 46. Bd6 c4 47.
Kxc4 Kc6 48. Bf4 1/2-1/2

[Event "RUS-Cup2"]
[Site "Moscow"]
[Date "1996.??.??"]
[Round "5"]
[White "Rychagov, Andrey"]
[Black "Baikov, Vladimir A"]
[Result "1-0"]
[WhiteElo "2375"]
[BlackElo "2470"]
[Annotator "Chekhov,V"]
[PlyCount "55"]
[EventDate "1996.11.28"]
[EventType "swiss"]
[EventRounds "9"]
[EventCountry "RUS"]
[SourceTitle "CBM 056 Extra"]
[Source "ChessBase"]
[SourceDate "1997.03.01"]
[SourceVersion "1"]
[SourceVersionDate "1997.03.01"]
[SourceQuality "1"]

1. d4 Nf6 2. c4 g6 3. Nc3 d5 4. cxd5 Nxd5 5. e4 Nxc3 6. bxc3 Bg7 7. Bb5+ c6 8.
Ba4 O-O (8... b5 $5) 9. Ne2 e5 10. O-O Qe7 11. Qc2 (11. Bc2 Rd8 12. a4 Be6 13.
Ba3 Qe8 14. Bd3 Nd7 15. a5 Rac8 16. Rb1 b5 17. axb6 axb6 18. Qd2 b5 $132 {
Kramnik,V-Stohl,I/Chalkidiki/1992/0,5/28/}) 11... Re8 $5 {N/} (11... Nd7 12.
Bb3 Re8 13. f3 Nf8 14. Be3 Be6 15. Rad1 Bxb3 16. axb3 exd4 17. cxd4 f5 18. Ng3
$16 {Gleizerov,E-Odeev,H/Voskresensk/1993/1|0/32/}) (11... Be6 12. Be3 Nd7 13.
Rad1 Nb6 14. Bb3 Rfd8 15. f4 $36 {Gleizerov,E-Swol,M/Cappelle La Grande/1995/0,
5/22/}) 12. d5 (12. f3 $5) 12... b5 13. Bb3 Bb7 (13... c5 14. a4 c4 15. Ba2 a6
16. Rb1 $16) 14. a4 cxd5 (14... a6 15. Ba3 c5 16. Rad1 Nd7 17. c4 $16) 15. exd5
a6 16. Ba3 Qc7 17. f4 Nd7 18. f5 Nf6 (18... Nc5 19. fxg6 hxg6 20. d6 $18) 19.
Rad1 Ng4 (19... Rad8 $5) 20. fxg6 hxg6 21. Ng3 Kh8 $6 (21... Ne3 22. d6 (22.
Qf2 Nxd1 23. Rxd1 Qxc3 $19) 22... Nxc2 (22... Qc6 $5 23. Qf2 Nxd1 24. Rxd1 (24.
Bxf7+ Kh8 (24... Kh7 25. Bxg6+ Kxg6 26. Qf5+ Kh6 27. Qh5#) 25. Bxe8 (25. Rxd1
Rf8 $22 26. d7 Rxf7 27. d8=Q+ Rxd8 28. Rxd8+ Kh7 29. Qd2 e4 $36) 25... Rxe8 $6
(25... Nxf2 26. Bxc6 Bxc6 27. Rxf2 bxa4 $13) 26. Rxd1 Qxc3 27. d7 Rd8 28. Be7
$18) 24... Qd7 $15) 23. dxc7 Nxa3 24. Bxf7+ Kh7 25. Bxe8 Rxe8 26. Rd8 Rg8 27.
Rfd1 $16) 22. Ne4 $1 Ne3 23. Qf2 Nxf1 24. Qh4+ $1 Kg8 25. Ng5 $18 Re7 26. Rxf1
Bc8 (26... f6 27. Qh7+ Kf8 28. Ne6+ $18) 27. Qh7+ Kf8 28. Rxf7+ 1-0

[Event "POL-chT 50th"]
[Site "Lubniewice"]
[Date "1994.??.??"]
[Round "7"]
[White "Ivanov, Sergey"]
[Black "Zezulkin, Jurij"]
[Result "1-0"]
[WhiteElo "2490"]
[BlackElo "2410"]
[Annotator "Chekhov,V"]
[PlyCount "67"]
[EventDate "1994.09.22"]
[EventType "team-tourn"]
[EventRounds "11"]
[EventCountry "POL"]
[SourceTitle "CBM 044"]
[Source "ChessBase"]
[SourceDate "1995.02.01"]
[SourceVersion "1"]
[SourceVersionDate "1995.02.01"]
[SourceQuality "1"]
[WhiteTeam "Bielsko-Biala Wlokniarz"]
[BlackTeam "Jasien LKS ZPD"]
[WhiteTeamCountry "POL"]
[BlackTeamCountry "POL"]

1. d4 Nf6 2. c4 g6 3. Nc3 d5 4. cxd5 Nxd5 5. e4 Nxc3 6. bxc3 Bg7 7. Nf3 c5 8.
Rb1 O-O 9. Be2 cxd4 10. cxd4 Qa5+ 11. Bd2 Qxa2 12. O-O a5 13. Bg5 (13. Bc3 Bg4
14. Ra1 Qe6 15. d5 Qb6 16. Bxg7 Kxg7 {Sandler,M-Lalic,B/ENG/0:1/32/} 17. Ne5
Bxe2 18. Qxe2 Qa6 $1 19. Qb2 f6 20. Nf3 Nd7 $15) (13. Re1 a4 $1 14. Bb4 Nc6 15.
Ra1 Qxa1 $1 16. Qxa1 Nxb4 $17) (13. d5 e6 (13... Qa3 $5) 14. Bg5 $1 exd5 15.
exd5 Qa3 16. d6 Nd7 17. Bb5 $36) 13... a4 14. Bxe7 $1 $146 (14. Bb5 $6 Bd7 $1
15. Bxd7 Nxd7 16. Rxb7 Qe6 17. d5 {Hebert,J-Kozul,Z/Toronto/1990/0:1/52/} Qd6
$1 18. e5 Bxe5 $1 19. Rxd7 Qxd7 20. Nxe5 Qf5 21. Nf3 f6 {/\Rfd8-/+/}) 14... Re8
15. Bd6 $1 (15. Bc5 Nd7) (15. Bg5 Rxe4 16. Bd3 Re6 $1 17. Qc1 Rc6 $17 {Kozul})
15... Rxe4 16. Rc1 Nc6 (16... Be6 17. d5 $1) (16... Re8 17. Bc4 Qb2 18. Bc5 $14
Bf5 19. Ng5) 17. Bc4 Qb2 18. Rb1 Qc3 19. Bxf7+ Kxf7 (19... Kh8 20. Rc1 Qa5 21.
d5 Nd8 22. Ng5 $16) 20. Ng5+ Kg8 21. Nxe4 Qxd4 22. Qe2 $1 $18 Bf5 23. Qa2+ Kh8
24. Ng5 h6 25. Nf7+ Kh7 26. Rxb7 Be4 27. Ba3 Bxg2 $1 28. Bb2 Bd5 (28... Qg4 29.
Ng5+ hxg5 30. Rxg7+ Kh6 31. Rh7+ Kxh7 32. Qf7+ Kh6 33. Qg7+ Kh5 34. Qh7#) 29.
Bxd4 Bxa2 30. Bxg7 Na5 31. Ng5+ hxg5 32. Rc7 Kg8 33. Re1 Bf7 34. Ree7 1-0

[Event "RUS-chT2"]
[Site "Podolsk"]
[Date "1993.??.??"]
[Round "?"]
[White "Ibragimov, Ildar"]
[Black "Notkin, Maksim"]
[Result "1/2-1/2"]
[WhiteElo "2540"]
[BlackElo "2360"]
[Annotator "Chekhov,V"]
[PlyCount "47"]
[EventDate "1993.??.??"]
[EventType "team"]
[EventRounds "9"]
[EventCountry "RUS"]
[SourceTitle "CBM 038"]
[Source "ChessBase"]
[SourceDate "1994.02.01"]
[SourceVersion "1"]
[SourceVersionDate "1994.02.01"]
[SourceQuality "1"]

1. d4 Nf6 2. c4 g6 3. Nc3 d5 4. cxd5 Nxd5 5. e4 Nxc3 6. bxc3 Bg7 7. Bb5+ c6 8.
Ba4 b5 (8... O-O $5) 9. Bb3 b4 10. Qf3 O-O 11. Ne2 bxc3 (11... e5 $6 12. O-O
exd4 13. cxd4 Ba6 14. Rd1 Nd7 15. a3 c5 16. axb4 Bxe2 17. Qxe2 cxd4 18. Bd5 d3
19. Qxd3 Bxa1 20. Bxa8 $16 {Kramnik,V-Adorjan,A Debrecen 1992/}) 12. O-O $5
$146 (12. Qxc3 Bb7 13. Bg5 (13. Rb1 $5 c5 14. Bxf7+ Rxf7 15. Rxb7 cxd4 16. Qc4
$6 Nd7 17. Ba3 Ne5 18. Qb3 Qa5+ 19. Bb4 Qa6 $15 {Chekhov,V-Lingnau,C BRD 1993;
16,Qc7<=>/}) 13... Nd7 14. Qb4 Ba6 15. Bxe7 c5 16. Bxd8 cxb4 17. Bg5 $14 {
Kramnik,V-Horvath,J AUT 1993}) 12... Ba6 13. Rd1 c2 (13... c5 $5) 14. Bxc2 c5
15. dxc5 Qc8 (15... Bxa1 16. Rxd8 Rxd8 17. Nf4 $14) 16. Rb1 Qxc5 17. Bb3 $14
Nc6 18. Rd5 $6 (18. Be3 $1 $14) 18... Ne5 $1 19. Qg3 (19. Rxc5 Nxf3+ 20. gxf3
Bxe2 21. Kg2 Bd3 (21... Bd4 $5 22. Rc7 Bd3 23. Bc2 Bxc2 24. Rxc2 Rfc8 $11) 22.
Bc2 Bxc2 23. Rxc2 Rac8 24. Rxc8 Rxc8 25. Be3 $14) 19... Qc7 20. Bf4 (20. Nf4 e6
$15) 20... Bxe2 21. Rc1 (21. Bxe5 Bxe5 22. Qxe5 Qxe5 23. Rxe5 e6 $11) 21...
Nf3+ $1 22. gxf3 Qb6 23. Rd2 Qa6 24. h4 (24. h4 Rac8 (24... Rad8 25. Rxd8 Rxd8
26. h5 e6 27. hxg6 hxg6 28. Kg2 $14 {/\Rh1,Qh3+/=/}) 25. Bc7 $1 $14) 1/2-1/2